000 01958nam a22002777a 4500
003 OSt
005 20260416154202.0
008 260409t1991 xxu||||| |||| 00| 0 spa d
020 _a9681839684
040 _aUnicoc
_bspa
_c00001
_d00001
082 _a150.1943
100 _912755
_aSkinner, Burrhus Frederic
245 _aEl análisis de la conducta
_b: una visión retrospectiva
_c/ Burrhus Frederic Skinner
250 _a1 Ed.
260 _aMéxico :
_bLimusa ,
_c1991
300 _a183 páginas
500 _aIncluye Índice y Bibliografía
505 _tParte 1. Enfoques teóricos. --
_tCapítulo 1. Función que desempeñan los sentimientos en el análisis de la conducta. --
_tCapítulo 2. Orígenes del pensamiento cognoscitivo. --
_tCapítulo 3. El yo como punto de partida. --
_tCapítulo 4. El escucha. --
_tCapítulo 5. Genes y conducta. --
_tParte 2. Enfoques profesionales. --
_tCapítulo 6. ¿Qué sucedió con la psicología como ciencia de la conducta?. --
_tCapítulo 7. El lado operante de la terapia conductual. --
_tCapítulo 8. La escuela del futuro. --
_tCapítulo 9. Revaloración de la enseñanza programada: extractos de otro artículo sobre aparatos de enseñanza. --
_tParte 3. Planteamientos personales. --
_tCapítulo 10. Behaviorism and logical positivism (conductismo y positivismo lógico) de Laurence Smith. --
_tCapítulo 11. Nuevo prólogo a Beyond Freedom and Dignity (Más allá de la libertad y la dignidad). --
_tCapítulo 12. The Behavior of Organisms (La conducta de los organismos) 50 años después.
526 _5Unicoc
546 _aEspañol
650 0 _912798
_aAnálisis de la conducta
650 0 _97815
_aConductismo (Psicología)
658 0 _910741
_aPrograma de Psicología
856 _yAcceso online exclusivo para comunidad Unicoc.
_uhttps://unicoceduco-my.sharepoint.com/:b:/g/personal/direccionbiblioteca_unicoc_edu_co/IQD6_IHk3QpPSLXlpQvg8pdrAVYAdfnPCGFtVa6sFMWX4yg
942 _2ddc
_cEBOOK
999 _c10828
_d10828